[Event "Belgrade Trophy 35th"]
[Site "Belgrade"]
[Date "2021.11.29"]
[Round "6"]
[White "Strboja, Aleksandar"]
[Black "Djurisic, Dusan"]
[Result "1/2-1/2"]
[WhiteElo "1659"]
[BlackElo "1870"]
[PlyCount "46"]
[EventDate "2021.11.24"]
[EventType "swiss"]
[EventRounds "9"]
[EventCountry "SRB"]
[SourceTitle "CBM 205 Extra"]
[Source "ChessBase"]
[SourceDate "2022.01.31"]
[SourceVersion "1"]
[SourceVersionDate "2022.01.31"]
[SourceQuality "1"]

1. d4 e6 2. Bf4 f5 3. e3 Nf6 4. Nf3 Be7 5. Bd3 0-0 6. c4 d6 7. Nc3 Qe8 8. Nb5 Bd8 9. 0-0 a6 10. Nc3 Kh8 11. Re1 Nh5 12. Bg5 Bxg5 13. Nxg5 Qg6 14. Nf3 Nc6 15. Ne2 e5 16. dxe5 dxe5 17. e4 fxe4 18. Bc2 Rxf3 19. Ng3 Qg5 20. Nxh5 Qxh5 21. Bxe4 Rf5 22. Bxc6 Qg5 23. Be4 Rf8 1/2-1/2